ბათუმის შოთა რუსთაველის სახელმწიფო უნივერსიტეტის ბიბლიოთეკა

საინჟინრო გრაფიკის სპეციალური კურსი : (ბიბ.ჩანაწერი № 38882)

000 -ლიდერი
ფიქსირებული სიგრძის საკონტროლო ველი 00806nam a2200193Ia 4500
001 - საკონტროლო ნომერი
საკონტროლო ველი 5295
003 - საკონტროლო ნომრის იდენტიფიკატორი
საკონტროლო ველი GE_BSU
005 - ბოლო ოპერაციის თარიღი და დრო
საკონტროლო ველი 20190605191331.0
008 - ფიქსირებული სიგრძის მონაცემთა ელემენტები - ზოგადი ინფორმაცია
ფიქსირებული სიგრძის საკონტროლო ველი 181216s1989||||ge |||||||||||||| ||geo||
040 ## - კატალოგიზაციის წყარო
Transcribing agency GE_BSU
080 ## - უნივერსალური ათობითი კლასიფიკაციის ინდექსი
Universal Decimal Classification number 76 : 621(075.8) ჯ-18
100 ## - მთავარი ჩანაწერი - პიროვნების სახელი
Personal name ჯალიაშვილი, ლ.
9 (RLIN) 2010
245 ## - ცნობა სათაურის შესახებ
Title საინჟინრო გრაფიკის სპეციალური კურსი :
Remainder of title დამხმ. სახელმძღვ. /
Statement of responsibility, etc ჯალიაშვილი, ლ.
264 ## - წარმოების, გამოცემის, დისტრიბუციის და სხვა ცნობები
გამოცემის, წარმოების, დისტრიბუციის... ადგილი თბილისი :
გამოცემის, წარმოების, დისტრიბუციის... სახელწოდება განათლება,
გამოცემის, წარმოების, დისტრიბუციის... თარიღი 1989.
300 ## - ფიზიკური აღწერა
Extent 156 გვ. :
Other physical details ნახაზები ;
Dimensions 22 სმ.
300 ## - ფიზიკური აღწერა
Accompanying material .
653 ## - INDEX TERM--UNCONTROLLED
Uncontrolled term საინჟინრო გრაფიკის სპეციალური კურსი
942 ## - ADDED ENTRY ELEMENTS (KOHA)
Koha item type წიგნი
Source of classification or shelving scheme
ეგზემპლარები
ჩამოწერის სტატუსი დაკარგული ეგზემპლარის სტატუსი კლასიფიკაციის წყარო ან თაროზე გაწყობის სქემა დაზიანების სტატუსი არ გაიცემა მუდმივი მდებარეობა (დაცვის ადგილი) ამჟამინდელი ადგილსამყოფელი თაროზე განთავსების ადგილი შეძენის თარიღი ღირებულება, შესყიდვის ნორმალური ფასი სრული შენახვის შიფრი შტრიხკოდი ბოლო ოპერაციის თარიღი ეგზემპლარის მიმდევრობითი ნომერი (კეტერი?) ფასის ძალაში შესვლის თარიღი ეგზემპლარის სახეობა საჯარო შენიშვნა
          ტექნოლოგიური ფაკულტეტის ბიბლიოთეკა ტექნოლოგიური ფაკულტეტის ბიბლიოთეკა წიგნსაცავი 2018-12-17 0.90 76 : 621(075.8) ჯ-18 12137 2018-12-17 12137 2018-12-17 წიგნი 0.90 ლ.
          ტექნოლოგიური ფაკულტეტის ბიბლიოთეკა ტექნოლოგიური ფაკულტეტის ბიბლიოთეკა წიგნსაცავი 2018-12-17 0.90 76 : 621(075.8) ჯ-18 12138 2018-12-17 12138 2018-12-17 წიგნი 0.90 ლ.
          ტექნოლოგიური ფაკულტეტის ბიბლიოთეკა ტექნოლოგიური ფაკულტეტის ბიბლიოთეკა წიგნსაცავი 2018-12-17 0.90 76 : 621(075.8) ჯ-18 12139 2018-12-17 12139 2018-12-17 წიგნი 0.90 ლ.
          ტექნოლოგიური ფაკულტეტის ბიბლიოთეკა ტექნოლოგიური ფაკულტეტის ბიბლიოთეკა წიგნსაცავი 2018-12-17 0.90 76 : 621(075.8) ჯ-18 12140 2018-12-17 12140 2018-12-17 წიგნი 0.90 ლ.